Bitstrips Trivia Quiz Stats

 Plays Quiz not verified by Sporcle

Challenge
Share
Tweet
Embed
Score 0/36 Timer 15:00
0 Plays Today
Question Answer % Correct
What does TOTD stand for?Theme Of The Day
100%
Name a reason to flag a comicmature
83.3%
Which character stars in the editorial comics?Buddy
75%
Name one of the main Bitstrips developers (Bitstrips username)Ba
66.7%
Which Bitstripper's specialty is making realistic silhouettes?C.C.
66.7%
How many panels are there when you first open the comic builder?three
66.7%
What does LKF stand for?laugh, kudos, favorite
66.7%
What is the name of BoomMike's first series?Local Patrol
58.3%
Which Bitstripper created the hilarious character and series called Average Joe?Uzi Bazooka
58.3%
How many default emotions/faces are there in the controls section of the comic builder?eight
58.3%
What company produces Bitstrips?Core Matrix
58.3%
How do you make a character completely flexible in the comic builder?double-click them
58.3%
Who created a Star Wars tribute series with stunning art?Jedeye
50%
Who created the cute pallywally characters?Pauly Hart
50%
What is the name of BoomMike's series that advertises funny fake products?Producteria
50%
Vi publishes most of her comics in this genre/category:news/politics
50%
Name of a Bitstrips site for educational purposes:Bitstrips for Schools
50%
How many choices of eyebrows are there in the character builder?sixteen
50%
Question Answer % Correct
Who made the first Bitstrip on an airplaneJas
41.7%
What is the maximum number of rows you can make in the comic builder?seven
41.7%
Which Bitstripper ran for president?Thomasilly
41.7%
How often is a new episode of Local Patrol published?every day
41.7%
Which user has a series of interactive comics?gummy
41.7%
Who has a series for amazing sky scenes?Kathi
33.3%
Name the four members of The Bitstrips Band (usernames, alphabetical order)BoomMike, Forsythe, Knytrydr and Tim L.
33.3%
What is Jimbo Jonny known for?line drawings
33.3%
Name the four colours of the parallelograms in the Bitstrips logo from left to rightBlue, green, yellow, red
33.3%
Clowning Around is a series by:Votchit
33.3%
What is the name of gummy's art series?Intrigue
25%
Which user created the CTRL ALT Delete repair bat?knytrydr
25%
Which effect (in the comic builder) is commonly used to create a gradient in comics?spotlight
25%
Which two Bitstrippers starred in most of the 'Starinator' remixes?Kathi and Dare
16.7%
What button/key on the keyboard do you hold to zoom/scale in the comic builder?shift
16.7%
Name the first three categories of the art library in the comic buildercharacters, scenes, props
16.7%
Which Bitstripper has a series of great space scenes (called Space Duhhst)Fortunalee
16.7%
What date was Bitstrips launched?March 9, 2008
8.3%

You're not logged in!

Compare scores with friends on all Sporcle quizzes.
OR
Log In

You Might Also Like...

Show Comments

Extras

Created Jul 3, 2010ReportNominate
Tags:Artist Quiz, extra

Top Quizzes Today


Score Distribution

Your Account Isn't Verified!

In order to create a playlist on Sporcle, you need to verify the email address you used during registration. Go to your Sporcle Settings to finish the process.

Report this User

Report this user for behavior that violates our Community Guidelines.

Details: